000 00484nam a2200181Ia 4500
003 GCL
008 140319s9999 xx 000 0 ara d
040 _aGCL /
_cGCL
082 0 4 _a362.042
_bح ش
100 1 _aحسين الطنطاوى
245 1 0 _aالشباب الى أين ? /
_cحسين الطنطاوى
300 _a185 ص
490 _a
650 0 4 _aالشباب
650 0 4 _aالشباب فى مصر
650 0 4 _aالشباب الاسرائيلى
942 _2ddc
_cBK
999 _c40049
_d40049